[Event "Politiken Cup 2008"]
[Site "Helsingør DEN"]
[Date "2008.07.19"]
[Round "1.125"]
[White "Strand, Kjetil"]
[Black "Mottang, Harald"]
[Result "1-0"]
[WhiteElo "2066"]
[BlackElo "1323"]
[PlyCount "65"]
[EventDate "2008.07.20"]
[EventType "swiss"]
[EventRounds "9"]
[EventCountry "DEN"]
[Source "lmi"]
[SourceDate "2008.07.20"]
[WhiteTeam "Asker"]

1. e4 c5 2. Nf3 Nc6 3. d4 cxd4 4. Nxd4 Nf6 5. Nc3 e6 6. Ndb5 d6 7. Bf4 e5 8.
Bg5 a6 9. Na3 b5 10. Bxf6 Qxf6 11. Nd5 Qd8 12. c4 bxc4 13. Nxc4 Be7 14. Bd3 O-O
15. O-O Rb8 16. Rc1 Bg5 17. Rc3 Nd4 18. f4 exf4 19. Nxf4 Bxf4 20. Rxf4 Qg5 21.
Rf2 Bg4 22. Qf1 Rbd8 23. Bb1 d5 24. exd5 Rde8 25. Rg3 Qh5 26. Ne3 Ne2+ 27. Rxe2
Bxe2 28. Qf6 g6 29. Nf5 Qxf5 30. Bxf5 Bh5 31. h4 Re1+ 32. Kh2 Rfe8 33. d6 1-0

[Event "Politiken Cup 2008"]
[Site "Helsingør DEN"]
[Date "2008.07.19"]
[Round "1.126"]
[White "Edvardsson, Hannu Kalero"]
[Black "Johansson, Alexander"]
[Result "0-1"]
[WhiteElo "1300"]
[BlackElo "2060"]
[PlyCount "65"]
[EventDate "2008.07.20"]
[EventType "swiss"]
[EventRounds "9"]
[EventCountry "DEN"]
[Source "lmi"]
[SourceDate "2008.07.20"]
[BlackTeam "Lund ASK"]

1. e4 c5 2. c4 Nc6 3. Nf3 Nf6 4. d3 d6 5. Be2 g6 6. O-O Bg7 7. Nc3 O-O 8. Bd2
Bg4 9. Rb1 a6 10. a3 Bxf3 11. Bxf3 Nd4 12. Be3 Nd7 13. Bxd4 cxd4 14. Nd5 e6 15.
Nb4 Ne5 16. Nc2 Nxf3+ 17. Qxf3 Be5 18. g3 Rb8 19. Qd1 f5 20. exf5 gxf5 21. f4
Bg7 22. Re1 Rf6 23. Nxd4 Qb6 24. Kg2 Qxd4 25. Re2 Rg6 26. Qd2 Rd8 27. Rbe1 e5
28. fxe5 dxe5 29. Kh1 Qxd3 30. Qb4 Qf3+ 31. Rg2 Rgd6 32. c5 Rd4 33. Qxb7 0-1

[Event "Politiken Cup 2008"]
[Site "Helsingør DEN"]
[Date "2008.07.19"]
[Round "1.127"]
[White "Doran, Chris"]
[Black "Johansen, Bjørn Berg"]
[Result "1-0"]
[WhiteElo "2060"]
[BlackElo "1290"]
[PlyCount "117"]
[EventDate "2008.07.20"]
[EventType "swiss"]
[EventRounds "9"]
[EventCountry "DEN"]
[Source "lmi"]
[SourceDate "2008.07.20"]
[WhiteTeam "Chester"]
[BlackTeam "Fredriksstad"]

1. e4 e5 2. Nf3 Nc6 3. Bb5 d6 4. d4 a6 5. Bxc6+ bxc6 6. dxe5 Bg4 7. exd6 cxd6
8. O-O Nf6 9. Nc3 Be7 10. h3 Bh5 11. Bf4 O-O 12. Qd3 Bg6 13. Nh4 Re8 14. Nxg6
hxg6 15. Rad1 d5 16. exd5 cxd5 17. Nxd5 Nxd5 18. Qxd5 Qc8 19. Rfe1 Rd8 20. Qb3
Rxd1 21. Rxd1 Qf5 22. Bg3 Rc8 23. c3 Bf6 24. Qb7 a5 25. Kh2 Re8 26. Qd7 Qe4 27.
f3 Qe6 28. Qxe6 Rxe6 29. Rd2 a4 30. a3 Kf8 31. Kg1 Ke8 32. Kf2 Bg5 33. f4 Be7
34. Kf3 f5 35. Re2 Kd7 36. Rxe6 Kxe6 37. Ke3 g5 38. fxg5 Bxg5+ 39. Kd3 Kd5 40.
c4+ Kc6 41. Be5 g6 42. Kc3 Be7 43. g4 fxg4 44. hxg4 Bc5 45. Bd4 Bd6 46. b4 axb3
47. Kxb3 Be7 48. a4 Bh4 49. a5 Be7 50. a6 Bg5 51. a7 Kb7 52. Kc2 Bf4 53. Kd3
Bc7 54. Ke4 Ka8 55. Be3 Bh2 56. Kd5 g5 57. Ke4 Bg3 58. Bxg5 Kxa7 59. Bf6 1-0

[Event "Politiken Cup 2008"]
[Site "Helsingør DEN"]
[Date "2008.07.19"]
[Round "1.128"]
[White "Frisvold, Ole Emil"]
[Black "Preuss, Flemming"]
[Result "1-0"]
[WhiteElo "1284"]
[BlackElo "2059"]
[PlyCount "115"]
[EventDate "2008.07.20"]
[EventType "swiss"]
[EventRounds "9"]
[EventCountry "DEN"]
[Source "lmi"]
[SourceDate "2008.07.20"]
[WhiteTeam "Bergens"]
[BlackTeam "Næstved"]

1. d4 f5 2. c4 Nf6 3. Nc3 g6 4. g3 Bg7 5. Bg2 O-O 6. Nf3 d6 7. O-O a5 8. d5 Na6
9. e4 fxe4 10. Ng5 Nc5 11. Ngxe4 Nfxe4 12. Nxe4 Nxe4 13. Bxe4 Qe8 14. Re1 Qf7
15. Qe2 Bd7 16. Bf4 Rae8 17. Qd2 b6 18. Re2 Bg4 19. f3 Bd7 20. Rae1 e5 21. dxe6
Bxe6 22. Bc6 Re7 23. Rxe6 Rxe6 24. Rxe6 Qf5 25. Be4 Qh3 26. Bd5 Kh8 27. Re7 h6
28. Qd3 g5 29. Qg6 Bd4+ 30. Be3 Bxe3+ 31. Rxe3 Qf5 32. Qxh6+ Qh7 33. Qxh7+ Kxh7
34. Re7+ Kg6 35. Rxc7 Kf6 36. Rf7+ Rxf7 37. Bxf7 Kxf7 38. h4 gxh4 39. gxh4 Ke6
40. h5 Kf5 41. Kf2 Kg5 42. Ke3 Kxh5 43. Ke4 Kg5 44. f4+ Kf6 45. Kd5 Kf5 46.
Kxd6 Kxf4 47. Kc6 Ke4 48. Kxb6 a4 49. c5 Kd4 50. c6 Kd3 51. c7 Kc2 52. Kb5 a3
53. c8=Q+ Kxb2 54. Qc4 Kb1 55. Kb4 Kb2 56. Qe2+ Kc1 57. Kb3 Kb1 58. Qf1# 1-0

[Event "Politiken Cup 2008"]
[Site "Helsingør DEN"]
[Date "2008.07.19"]
[Round "1.129"]
[White "Carnstam, Tomas"]
[Black "Zmylon, Frederik Nielsen"]
[Result "1-0"]
[WhiteElo "2046"]
[BlackElo "1252"]
[PlyCount "81"]
[EventDate "2008.07.20"]
[EventType "swiss"]
[EventRounds "9"]
[EventCountry "DEN"]
[Source "lmi"]
[SourceDate "2008.07.20"]
[WhiteTeam "LASK"]
[BlackTeam "Taastrup"]

1. d4 Nf6 2. c4 g6 3. Nc3 d5 4. cxd5 Nxd5 5. e4 Nxc3 6. bxc3 Bg7 7. Bc4 O-O 8.
Ne2 c5 9. O-O Nc6 10. dxc5 Qxd1 11. Rxd1 Na5 12. Bd5 Rd8 13. Bxf7+ Kxf7 14.
Rxd8 Nc6 15. Rd1 Be6 16. Nd4 Rd8 17. Be3 Bc4 18. Nxc6 Rxd1+ 19. Rxd1 bxc6 20.
Rd7 a6 21. Bg5 Bf6 22. Bxf6 Kxf6 23. Rc7 Bb5 24. f4 h5 25. c4 Bxc4 26. Rxc6+ e6
27. Kf2 Ke7 28. Rc7+ Kd8 29. Ra7 Kc8 30. c6 Bb5 31. Ke3 Bxc6 32. Rxa6 Bd7 33.
Ra7 Kd8 34. Kd4 h4 35. Kc5 Bc8 36. Kd6 Ke8 37. Ra8 Kd8 38. e5 g5 39. fxg5 h3
40. g4 Ke8 41. g6 1-0

[Event "Politiken Cup 2008"]
[Site "Helsingør DEN"]
[Date "2008.07.19"]
[Round "1.130"]
[White "Kristensen, Steffen Michael"]
[Black "Tallaksen, Levi Andre"]
[Result "0-1"]
[WhiteElo "1238"]
[BlackElo "2045"]
[PlyCount "44"]
[EventDate "2008.07.20"]
[EventType "swiss"]
[EventRounds "9"]
[EventCountry "DEN"]
[Source "lmi"]
[SourceDate "2008.07.20"]
[WhiteTeam "Odysseus"]
[BlackTeam "Porsgrund"]

1. Nf3 Nf6 2. d4 e6 3. c4 d5 4. Nc3 Be7 5. Bg5 O-O 6. Bxf6 Bxf6 7. cxd5 exd5 8.
g3 c6 9. Bg2 Bf5 10. O-O Re8 11. Qd2 Qd6 12. e3 Nd7 13. Ne2 g5 14. e4 dxe4 15.
Nxg5 e3 16. fxe3 Bxg5 17. Nf4 Be4 18. Qa5 Bxf4 19. Rxf4 Bxg2 20. Qg5+ Qg6 21.
Qxg6+ hxg6 22. Kxg2 Rxe3 0-1

[Event "Politiken Cup 2008"]
[Site "Helsingør DEN"]
[Date "2008.07.19"]
[Round "1.131"]
[White "Petersen, Nils"]
[Black "Arup, Niels"]
[Result "1-0"]
[WhiteElo "2043"]
[BlackElo "1220"]
[PlyCount "59"]
[EventDate "2008.07.20"]
[EventType "swiss"]
[EventRounds "9"]
[EventCountry "DEN"]
[Source "lmi"]
[SourceDate "2008.07.20"]
[WhiteTeam "Øbro"]
[BlackTeam "BMS"]

1. c4 f5 2. d4 e6 3. g3 Nf6 4. Bg2 Be7 5. Nh3 O-O 6. O-O d6 7. Nc3 Qe8 8. f3 e5
9. dxe5 dxe5 10. Nd5 Bd6 11. Nf2 Qf7 12. e4 Na6 13. a3 Be6 14. Be3 Rfd8 15. Qe2
c6 16. Nxf6+ Qxf6 17. Rfd1 Bc5 18. Bxc5 Nxc5 19. Qe3 b6 20. Bf1 Rac8 21. b4 Nb7
22. c5 b5 23. exf5 Bxf5 24. Bd3 Re8 25. Bxf5 Qxf5 26. Ne4 Re6 27. Rd7 Rb8 28.
Rad1 Qg6 29. Ng5 Ree8 30. Qb3+ 1-0

[Event "Politiken Cup 2008"]
[Site "Helsingør DEN"]
[Date "2008.07.19"]
[Round "1.132"]
[White "Mølvig, Julius"]
[Black "Christensen, Esben"]
[Result "0-1"]
[WhiteElo "1203"]
[BlackElo "2041"]
[PlyCount "66"]
[EventDate "2008.07.20"]
[EventType "swiss"]
[EventRounds "9"]
[EventCountry "DEN"]
[Source "lmi"]
[SourceDate "2008.07.20"]
[WhiteTeam "Skovbo"]
[BlackTeam "Brønshøj"]

1. d4 Nf6 2. c4 c5 3. e3 e6 4. Nc3 d5 5. Nf3 cxd4 6. exd4 Nc6 7. Be2 Be7 8. O-O
O-O 9. Bf4 a6 10. Qc2 dxc4 11. Rad1 b5 12. a4 Nb4 13. Qc1 Nbd5 14. axb5 Nxc3
15. Qxc3 axb5 16. Ne5 Nd5 17. Qf3 Nxf4 18. Qxf4 Bb7 19. Bf3 Qc7 20. d5 Bd6 21.
Rfe1 f6 22. dxe6 Bxe5 23. Qg4 Bxf3 24. Qxf3 Rad8 25. Rxd8 Rxd8 26. Rd1 Rxd1+
27. Qxd1 Qd6 28. Qf3 Qxe6 29. Qe3 Bxh2+ 30. Kxh2 Qxe3 31. fxe3 b4 32. Kg1 c3
33. bxc3 bxc3 0-1

[Event "Politiken Cup 2008"]
[Site "Helsingør DEN"]
[Date "2008.07.19"]
[Round "1.133"]
[White "Hansen, Mads"]
[Black "Barene, Simon"]
[Result "1-0"]
[WhiteElo "2041"]
[BlackElo "1194"]
[PlyCount "57"]
[EventDate "2008.07.20"]
[EventType "swiss"]
[EventRounds "9"]
[EventCountry "DEN"]
[Source "lmi"]
[SourceDate "2008.07.20"]
[WhiteTeam "Frem"]
[BlackTeam "Sandness"]

1. e4 c5 2. Nf3 Nc6 3. Bb5 g6 4. O-O Bg7 5. c3 a6 6. Bxc6 bxc6 7. d4 cxd4 8.
cxd4 d5 9. Qc2 Qb6 10. Nc3 Bb7 11. e5 e6 12. Na4 Qc7 13. Bd2 Ne7 14. Bb4 Nf5
15. Rac1 Bh6 16. Bd2 Bxd2 17. Qxd2 Rc8 18. Nc5 h6 19. Rc3 g5 20. Rb3 Rb8 21.
Qb4 g4 22. Nxa6 Bxa6 23. Qxb8+ Qxb8 24. Rxb8+ Ke7 25. Rxh8 Bxf1 26. Ne1 Bc4 27.
b3 Be2 28. Nc2 Bd1 29. Ne3 1-0

[Event "Politiken Cup 2008"]
[Site "Helsingør DEN"]
[Date "2008.07.19"]
[Round "1.134"]
[White "Bräuner, Benjamin"]
[Black "Ramme, Christoph"]
[Result "0-1"]
[WhiteElo "1147"]
[BlackElo "2041"]
[PlyCount "68"]
[EventDate "2008.07.20"]
[EventType "swiss"]
[EventRounds "9"]
[EventCountry "DEN"]
[Source "lmi"]
[SourceDate "2008.07.20"]
[WhiteTeam "BMS"]
[BlackTeam "SK Marmsdorf"]

1. e4 c5 2. Nf3 d6 3. d4 cxd4 4. Nxd4 Nf6 5. Nc3 g6 6. Bc4 Bg7 7. O-O O-O 8.
Bg5 Nc6 9. Nxc6 bxc6 10. f4 Qb6+ 11. Kh1 Qxb2 12. Qd2 Qb4 13. Qd3 Ng4 14. Rf3
Qxc3 15. Qxc3 Bxc3 16. Rxc3 Nf2+ 17. Kg1 Nxe4 18. Re3 Nxg5 19. fxg5 e6 20. Rd1
d5 21. Bb3 Bd7 22. c4 Rac8 23. Ba4 Rc7 24. Red3 Rb8 25. a3 Rb6 26. h4 Ra6 27.
Bc2 Rb7 28. cxd5 cxd5 29. Kh2 Rc7 30. Bb1 Ba4 31. Rf1 Bb5 32. Rfd1 Bxd3 33.
Rxd3 Rb6 34. Ba2 Kg7 0-1

[Event "Politiken Cup 2008"]
[Site "Helsingør DEN"]
[Date "2008.07.19"]
[Round "1.135"]
[White "Abrahamsson, Daniel"]
[Black "Hagen, Thorolf"]
[Result "0-1"]
[WhiteElo "2040"]
[BlackElo "1130"]
[PlyCount "120"]
[EventDate "2008.07.20"]
[EventType "swiss"]
[EventRounds "9"]
[EventCountry "DEN"]
[Source "lmi"]
[SourceDate "2008.07.20"]
[WhiteTeam "Limhamns SK"]
[BlackTeam "Kristiansand"]

1. e4 e5 2. Nf3 Nc6 3. Bc4 Nf6 4. Ng5 d5 5. exd5 Na5 6. Bb5+ c6 7. dxc6 bxc6 8.
Be2 h6 9. Nf3 Bd6 10. d3 O-O 11. Nc3 Bf5 12. Be3 Nb7 13. Qd2 Ng4 14. h3 Nxe3
15. fxe3 Nc5 16. e4 Bh7 17. g4 Ne6 18. O-O-O Nd4 19. h4 Nxf3 20. Bxf3 Be7 21.
Qh2 Qd6 22. d4 exd4 23. Qxd6 Bxd6 24. Rxd4 Be5 25. Rc4 Rfc8 26. Ne2 g6 27. b3
Kg7 28. Rd1 Rc7 29. Bg2 Bg8 30. g5 f6 31. Rc5 Re8 32. Bh3 Be6 33. gxf6+ Bxf6
34. Bxe6 Rxe6 35. Rh1 Rxe4 36. Nc3 Rxh4 37. Rxh4 Bxh4 38. Kd1 Rd7+ 39. Ke2 Rd6
40. Ne4 Re6 41. Kf3 g5 42. Ng3 Bxg3 43. Kxg3 Kg6 44. Ra5 Re3+ 45. Kf2 Rc3 46.
Rxa7 Rxc2+ 47. Kf3 Kh5 48. b4 Kh4 49. Rg7 Rxa2 50. Rg6 Ra3+ 51. Kg2 h5 52. Rxc6
Ra2+ 53. Kf3 g4+ 54. Kf4 g3 55. b5 g2 56. Rg6 Kh3 57. b6 Kh2 58. Rg5 g1=Q 59.
Rxh5+ Kg2 60. Rg5+ Kf2 0-1

[Event "Politiken Cup 2008"]
[Site "Helsingør DEN"]
[Date "2008.07.19"]
[Round "1.136"]
[White "Nielsen, Bjørn"]
[Black "Rostgaard, Tobias Valentin"]
[Result "0-1"]
[WhiteElo "1091"]
[BlackElo "2035"]
[PlyCount "50"]
[EventDate "2008.07.20"]
[EventType "swiss"]
[EventRounds "9"]
[EventCountry "DEN"]
[Source "lmi"]
[SourceDate "2008.07.20"]
[WhiteTeam "KS"]
[BlackTeam "Frem"]

1. d4 Nf6 2. Nf3 e6 3. Nc3 Be7 4. e4 O-O 5. Bd3 c5 6. d5 exd5 7. Nxd5 Nxd5 8.
exd5 b5 9. O-O c4 10. Be2 Bb7 11. d6 Bf6 12. c3 Nc6 13. a3 Na5 14. Bf4 Nb3 15.
Rb1 Be4 16. g3 Bxb1 17. Qxb1 Re8 18. Bd1 Nc5 19. h4 Nd3 20. Bg5 h6 21. Bxf6
Qxf6 22. Nd4 Re1 23. Ne2 Qxf2+ 24. Kh1 Rxf1+ 25. Ng1 Qxg1# 0-1

[Event "Politiken Cup 2008"]
[Site "Helsingør DEN"]
[Date "2008.07.19"]
[Round "1.137"]
[White "Jensen, Soren Holm"]
[Black "Botheim, Erik"]
[Result "1-0"]
[WhiteElo "2032"]
[BlackElo "1000"]
[PlyCount "49"]
[EventDate "2008.07.20"]
[EventType "swiss"]
[EventRounds "9"]
[EventCountry "DEN"]
[Source "lmi"]
[SourceDate "2008.07.20"]
[WhiteTeam "Brønshøj"]
[BlackTeam "1911"]

1. e4 c5 2. Nf3 Nc6 3. d4 cxd4 4. Nxd4 Nf6 5. Nc3 e5 6. Ndb5 d6 7. Bg5 a6 8.
Na3 b5 9. Nd5 Be6 10. c3 h6 11. Bxf6 gxf6 12. Nc2 f5 13. exf5 Bxf5 14. Nce3 Be6
15. a4 Rb8 16. axb5 axb5 17. Bd3 Bg7 18. Be4 Ne7 19. Nxe7 Qxe7 20. Bc6+ Bd7 21.
Nf5 Qf8 22. Nxd6+ Ke7 23. Ra7 Rd8 24. Nf5+ Kf6 25. Bxd7 1-0

[Event "Politiken Cup 2008"]
[Site "Helsingør DEN"]
[Date "2008.07.19"]
[Round "1.138"]
[White "Hjornevik, Asbjorn"]
[Black "Mejvik, Jacob"]
[Result "0-1"]
[WhiteElo "1000"]
[BlackElo "2015"]
[PlyCount "46"]
[EventDate "2008.07.20"]
[EventType "swiss"]
[EventRounds "9"]
[EventCountry "DEN"]
[Source "lmi"]
[SourceDate "2008.07.20"]
[WhiteTeam "Sandness"]
[BlackTeam "LASK"]

1. e4 e5 2. Nf3 Nc6 3. Bc4 Bc5 4. O-O Nf6 5. d3 a6 6. Bg5 d6 7. h3 Na5 8. Bb3
Nxb3 9. axb3 Be6 10. Nbd2 h6 11. Bh4 g5 12. Bg3 Nh5 13. Bh2 Nf4 14. Bxf4 gxf4
15. Kh2 Rg8 16. Ne1 Qg5 17. Ndf3 Qf6 18. Nd2 O-O-O 19. c3 Qh4 20. Ndf3 Rxg2+
21. Nxg2 Qxh3+ 22. Kg1 Bg4 23. Nge1 Rg8 0-1

[Event "Politiken Cup 2008"]
[Site "Helsingør DEN"]
[Date "2008.07.20"]
[Round "2.7"]
[White "Jorgensen, Dennis"]
[Black "Socko, Bartosz"]
[Result "0-1"]
[WhiteElo "2167"]
[BlackElo "2628"]
[PlyCount "76"]
[EventDate "2008.07.20"]
[EventType "swiss"]
[EventRounds "9"]
[EventCountry "DEN"]
[Source "lmi"]
[SourceDate "2008.07.20"]
[WhiteTeam "Allerød"]

1. d4 Nf6 2. Nf3 g6 3. g3 Bg7 4. Bg2 O-O 5. O-O d6 6. c4 a6 7. Nc3 Nc6 8. b3
Rb8 9. Nd5 Nh5 10. Bb2 e6 11. Ne3 f5 12. Qc1 Ne7 13. Rd1 h6 14. c5 b5 15. Qc2
Bb7 16. Rac1 Be4 17. Qd2 Nf6 18. Ba3 g5 19. cxd6 cxd6 20. Nc2 a5 21. Ne3 f4 22.
Nf1 b4 23. Bb2 Ned5 24. Qe1 a4 25. bxa4 Qa5 26. N1d2 Qxa4 27. Nc4 g4 28. Nh4
Qxa2 29. f3 Bh7 30. Qd2 Ne3 31. Nxe3 fxe3 32. Qxe3 Qxb2 33. Qxe6+ Kh8 34. Qxd6
Qxe2 35. Re1 Qd2 36. Rcd1 Qc3 37. Re7 Rbd8 38. Qb6 Nd5 0-1

[Event "Politiken Cup 2008"]
[Site "Helsingør DEN"]
[Date "2008.07.20"]
[Round "2.9"]
[White "Kristensen, Kjell Ole"]
[Black "Mchedlishvili, Mikheil"]
[Result "0-1"]
[WhiteElo "2159"]
[BlackElo "2604"]
[PlyCount "58"]
[EventDate "2008.07.20"]
[EventType "swiss"]
[EventRounds "9"]
[EventCountry "DEN"]
[Source "lmi"]
[SourceDate "2008.07.20"]
[WhiteTeam "Narvik"]

1. e4 c5 2. Nf3 d6 3. d4 cxd4 4. Nxd4 Nf6 5. Nc3 Nc6 6. f4 e5 7. Nf3 Be7 8. Bd3
a6 9. O-O O-O 10. Kh1 b5 11. a3 Bb7 12. Qe1 Rc8 13. Bd2 exf4 14. Bxf4 Nh5 15.
Be3 Bf6 16. g4 Bxc3 17. bxc3 Nf6 18. Bg5 Re8 19. Rd1 Re6 20. Nh4 Ne5 21. h3
Ned7 22. Nf5 h6 23. Bh4 Qe8 24. Nd4 Bxe4+ 25. Bxe4 Rxe4 26. Qd2 Re3 27. Nf3
Rcxc3 28. Rde1 Rxa3 29. Qxd6 Qa8 0-1

[Event "Politiken Cup 2008"]
[Site "Helsingør DEN"]
[Date "2008.07.20"]
[Round "2.11"]
[White "Rosenkilde, Alexander"]
[Black "Golod, Vitali"]
[Result "0-1"]
[WhiteElo "2156"]
[BlackElo "2578"]
[PlyCount "54"]
[EventDate "2008.07.20"]
[EventType "swiss"]
[EventRounds "9"]
[EventCountry "DEN"]
[Source "lmi"]
[SourceDate "2008.07.20"]
[WhiteTeam "Taastrup"]

1. d4 c5 2. d5 g6 3. e4 Bg7 4. Nf3 d6 5. Be2 Nf6 6. Nc3 O-O 7. O-O a6 8. a4 e6
9. Bg5 h6 10. Bh4 exd5 11. exd5 g5 12. Bg3 Nh7 13. Nd2 f5 14. f4 g4 15. Nc4 b6
16. Ra3 Ra7 17. Re1 Rb7 18. Rb3 Rff7 19. Bd3 Nf8 20. Re2 Qc7 21. Qe1 Bd7 22.
Re7 Bf6 23. Rxf7 Kxf7 24. Bh4 Bd4+ 25. Kf1 Ng6 26. Ne3 Bxe3 27. Qxe3 Nxh4 0-1

[Event "Politiken Cup 2008"]
[Site "Helsingør DEN"]
[Date "2008.07.20"]
[Round "2.12"]
[White "Kuzubov, Yuriy"]
[Black "Dvoretska, Olena"]
[Result "1-0"]
[WhiteElo "2578"]
[BlackElo "2156"]
[PlyCount "47"]
[EventDate "2008.07.20"]
[EventType "swiss"]
[EventRounds "9"]
[EventCountry "DEN"]
[Source "lmi"]
[SourceDate "2008.07.20"]

1. d4 Nf6 2. c4 g6 3. Nf3 Bg7 4. g3 c6 5. Bg2 d5 6. Qb3 Qb6 7. O-O Bg4 8. Nc3
Bxf3 9. Bxf3 e6 10. Bf4 Nbd7 11. Rfd1 h5 12. Qa3 dxc4 13. Bd6 O-O-O 14. b3 Bf8
15. Bxf8 Rhxf8 16. bxc4 Kb8 17. Rab1 Qc7 18. Rb4 Nb6 19. Rdb1 Rfe8 20. c5 Nbd5
21. Nxd5 Nxd5 22. Ra4 b5 23. cxb6 Nxb6 24. Rxb6+ 1-0

[Event "Politiken Cup 2008"]
[Site "Helsingør DEN"]
[Date "2008.07.20"]
[Round "2.13"]
[White "Andersson, Christin"]
[Black "Savchenko, Boris"]
[Result "0-1"]
[WhiteElo "2144"]
[BlackElo "2578"]
[PlyCount "104"]
[EventDate "2008.07.20"]
[EventType "swiss"]
[EventRounds "9"]
[EventCountry "DEN"]
[Source "lmi"]
[SourceDate "2008.07.20"]

1. e4 c5 2. Nf3 d6 3. d4 cxd4 4. Nxd4 Nf6 5. Nc3 Nc6 6. Be3 Ng4 7. Bb5 Nxe3 8.
Nxc6 Nxd1 9. Nxd8+ Kxd8 10. Rxd1 e6 11. O-O a6 12. Bc4 b5 13. Bb3 Bb7 14. a3
Ke7 15. f4 g6 16. e5 Rd8 17. a4 b4 18. Na2 dxe5 19. fxe5 Rxd1 20. Rxd1 a5 21.
Nc1 Bh6 22. Nd3 Be3+ 23. Kf1 Ba6 24. Ke1 Rd8 25. Ba2 Rd4 26. g3 Re4 27. Ke2
Rxe5 28. Kf3 Bb7+ 29. Ke2 Re4 30. Nf2 Bxf2+ 31. Kxf2 Re5 32. Bc4 Rc5 33. b3 Bd5
34. Bd3 f5 35. Ke3 e5 36. Rd2 Ke6 37. Bb5 Rc3+ 38. Ke2 e4 39. Kd1 Ke5 40. Ke1
g5 41. Bd7 e3 42. Rxd5+ Kxd5 43. Bxf5 h6 44. Ke2 Kd4 45. g4 Rc6 46. Kf3 Rf6 47.
Ke2 h5 48. h3 hxg4 49. hxg4 Rh6 50. Kf3 Rh2 51. Bd3 Rf2+ 52. Kg3 Kc3 0-1

[Event "Politiken Cup 2008"]
[Site "Helsingør DEN"]
[Date "2008.07.20"]
[Round "2.14"]
[White "Kogan, Artur"]
[Black "Nielsen, Jan Mose"]
[Result "1-0"]
[WhiteElo "2569"]
[BlackElo "2155"]
[PlyCount "39"]
[EventDate "2008.07.20"]
[EventType "swiss"]
[EventRounds "9"]
[EventCountry "DEN"]
[Source "lmi"]
[SourceDate "2008.07.20"]
[BlackTeam "Taastrup"]

1. e4 c6 2. d4 d5 3. e5 Bf5 4. Bd3 Bxd3 5. Qxd3 e6 6. Ne2 Nd7 7. Nbc3 c5 8. f4
Ne7 9. O-O cxd4 10. Nxd4 Nc6 11. Nxc6 bxc6 12. f5 Bc5+ 13. Kh1 exf5 14. Rxf5
Qe7 15. Qg3 O-O 16. Bh6 f6 17. exf6 Rxf6 18. Bg5 Raf8 19. Bxf6 Qe8 20. Qxg7#
1-0

[Event "Politiken Cup 2008"]
[Site "Helsingør DEN"]
[Date "2008.07.20"]
[Round "2.17"]
[White "Gajic, Mladen"]
[Black "Hansen, Sune Berg"]
[Result "0-1"]
[WhiteElo "2135"]
[BlackElo "2542"]
[PlyCount "52"]
[EventDate "2008.07.20"]
[EventType "swiss"]
[EventRounds "9"]
[EventCountry "DEN"]
[Source "lmi"]
[SourceDate "2008.07.20"]
[WhiteTeam "Lask"]
[BlackTeam "Helsingør"]

1. e4 e5 2. Nf3 Nc6 3. Bc4 Bc5 4. c3 Nf6 5. d3 a6 6. Bb3 d6 7. h3 Ba7 8. O-O h6
9. Re1 g5 10. Be3 Bxe3 11. fxe3 g4 12. hxg4 Nxg4 13. Nbd2 Qf6 14. Qe2 Be6 15.
c4 O-O-O 16. Ba4 Ne7 17. b4 h5 18. d4 exd4 19. Nxd4 Rhg8 20. Rf1 Qg5 21. Rf3
Ng6 22. Nxe6 fxe6 23. Nf1 N6e5 24. Rg3 h4 25. Rh3 Rdf8 26. c5 Nf2 0-1

[Event "Politiken Cup 2008"]
[Site "Helsingør DEN"]
[Date "2008.07.20"]
[Round "2.18"]
[White "Moestrup, Jorn"]
[Black "Hector, Jonny"]
[Result "0-1"]
[WhiteElo "2129"]
[BlackElo "2537"]
[PlyCount "58"]
[EventDate "2008.07.20"]
[EventType "swiss"]
[EventRounds "9"]
[EventCountry "DEN"]
[Source "lmi"]
[SourceDate "2008.07.20"]
[WhiteTeam "Læseforeningen"]
[BlackTeam "Nordkalotten"]

1. Nf3 Nc6 2. d4 d5 3. Bf4 Bg4 4. Nbd2 f6 5. h3 Bh5 6. c3 e5 7. dxe5 Bc5 8. Qb3
Qd7 9. e3 O-O-O 10. Bd3 Qe8 11. e6 g5 12. Bg3 Qxe6 13. O-O-O Nge7 14. Rde1 Qd7
15. Nd4 Ne5 16. Bc2 Bb6 17. N2f3 Bxd4 18. Nxd4 c5 19. Bxe5 fxe5 20. Nf3 e4 21.
g4 Bg6 22. Nd2 Rhf8 23. Rhf1 c4 24. Qa3 Rf6 25. Ba4 Qc7 26. f3 Ra6 27. Qb4 Nc6
28. Bxc6 bxc6 29. a4 c5 0-1

[Event "Politiken Cup 2008"]
[Site "Helsingør DEN"]
[Date "2008.07.20"]
[Round "2.19"]
[White "Aagaard, Jacob"]
[Black "Ofstad, Per"]
[Result "1-0"]
[WhiteElo "2531"]
[BlackElo "2141"]
[PlyCount "53"]
[EventDate "2008.07.20"]
[EventType "swiss"]
[EventRounds "9"]
[EventCountry "DEN"]
[Source "lmi"]
[SourceDate "2008.07.20"]
[WhiteTeam "Sydøstfyn"]
[BlackTeam "Fredrikstad"]

1. d4 d5 2. c4 c6 3. Nf3 Nf6 4. e3 e6 5. Bd3 Nbd7 6. O-O Bd6 7. Nbd2 O-O 8. e4
dxe4 9. Nxe4 Nxe4 10. Bxe4 f5 11. Bc2 e5 12. Bg5 Be7 13. Bxe7 Qxe7 14. Nxe5 Nf6
15. Re1 Qc7 16. Qf3 g6 17. c5 Be6 18. Nxg6 hxg6 19. Rxe6 Rae8 20. Rae1 Rxe6 21.
Rxe6 Re8 22. Qe3 Qd8 23. Bb3 Rxe6 24. Qxe6+ Kg7 25. Qe5 Qe8 26. Qxe8 Nxe8 27.
d5 1-0

[Event "Politiken Cup 2008"]
[Site "Helsingør DEN"]
[Date "2008.07.20"]
[Round "2.21"]
[White "Inhoven, Stefan"]
[Black "Brunello, Sabino"]
[Result "0-1"]
[WhiteElo "2124"]
[BlackElo "2482"]
[PlyCount "92"]
[EventDate "2008.07.20"]
[EventType "swiss"]
[EventRounds "9"]
[EventCountry "DEN"]
[Source "lmi"]
[SourceDate "2008.07.20"]
[WhiteTeam "SK62 Ladenburg"]

1. Nf3 Nf6 2. d4 e6 3. Bg5 h6 4. Bxf6 Qxf6 5. e4 b6 6. c3 Bb7 7. Bd3 Qg6 8. Nh4
Qf6 9. Nf3 Nc6 10. Qe2 g5 11. Nbd2 g4 12. Ng1 h5 13. h3 Bh6 14. O-O-O O-O-O 15.
Kb1 Qg7 16. hxg4 hxg4 17. Qf1 Bxd2 18. Rxh8 Rxh8 19. Rxd2 Rh1 20. Rd1 Ne7 21.
Ba6 Qg6 22. Bxb7+ Kxb7 23. Re1 d5 24. g3 dxe4 25. Qg2 Qh7 26. Kc1 f5 27. Kd2
Rh2 28. Qf1 Nd5 29. Ne2 Qh6+ 30. Kd1 Qh8 31. Kc1 Qh3 32. Kd1 Qh8 33. Kc1 Qe8
34. Qg1 Rh7 35. b3 Qb5 36. c4 Qc6 37. Kb1 Nb4 38. Nf4 e3 39. f3 Qxf3 40. Qxe3
Qxe3 41. Rxe3 Rh1+ 42. Kb2 Rh2+ 43. Ne2 c5 44. dxc5 e5 45. Kb1 bxc5 46. Rxe5
Rh1+ 0-1